Classifications of Numbers - Statistics

General Stats
  • This quiz has been taken 15 times
    14 since last reset
  • The average score is 8 of 10
Answer Stats
Group Number Hint Answer % Correct
2 Numbers that are part of (1st group) and can only be divided by one and themselves Prime Numbers
100%
3 The (1st group) plus their negative equivalents, definitely including zero Integers
92%
1 Numbers that can be used for counting, sometimes including zero Natural Numbers
92%
6 The combination of numbers belonging to the (3rd group) and (4th group) Real Numbers
92%
7 Numbers that are the product of one of the above and i, with i^2 = -1 Imaginary Numbers
85%
5 Numbers that cannot be created by a ratio of numbers belonging to the (3rd group) Irrational Numbers
85%
4 Numbers that can be created by a ratio of two numbers belonging to the (3rd group) Rational Numbers
85%
8 Numbers that are created by addition or subtraction of numbers from the (6th group) and (7th group) Complex Numbers
69%
10 Numbers that do not belong to the above group Transcendental Numbers
46%
9 Numbers that are the root of some polynomial with one variable and rational or (3rd group) coefficients Algebraic Numbers
31%
No matching quizzes found
Score Distribution
Percent of People with Each Score
Percentile by Number Answered
Your Score History
You have not taken this quiz since the last reset